|
|
|
|
| LEADER |
00000cam a2200000 a 4500 |
| 001 |
vtls008344240 |
| 003 |
SK-MaSNL |
| 005 |
20260302090252.0 |
| 008 |
230501s1963 xo da frfp 000 0 slo |
| 015 |
|
|
|a SNBA1963/10-01980
|
| 020 |
|
|
|q (viazané)
|
| 035 |
|
|
|a SK01SNK19630036457
|
| 035 |
|
|
|a A809A5E2-7555-4D7C-9307-413440D331C4
|
| 035 |
|
|
|a urn:nbn:sk:snk-am00ibi9
|
| 035 |
|
|
|a 5CA374DE-210E-4E37-8CAC-204782286584
|
| 035 |
|
|
|a urn:nbn:sk:snk-am00icmf
|
| 035 |
|
|
|a SKM000038920
|
| 040 |
|
|
|a SNK
|b slo
|c SNK
|e AACR2
|
| 041 |
0 |
|
|a slo
|
| 044 |
|
|
|a xo
|c SK
|a xr
|c CZ
|
| 072 |
|
7 |
|a 621
|x Strojárstvo
|2 konspekt
|
| 080 |
|
|
|a 621.825
|2 1981
|
| 100 |
1 |
|
|a Mašek, Antonín
|4 aut
|9 289827
|
| 245 |
1 |
0 |
|a Spojky
|b kniha je určená technikom a študentom škôl technických smerov ...
|c [autori:] Antonín Mašek, Adolf Němec
|
| 260 |
|
|
|a Bratislava
|b Slovenské vydavateľstvo technickej literatúry
|a Praha
|b Státní nakladatelství technické literatury
|c 1963
|e Brno
|f Tisk 11
|
| 300 |
|
|
|a 226, [1] s., [5] s. schem. príl.
|b diagramy, ilustr., schémy, tb.
|c 8°
|e 5 voľných listov
|
| 366 |
|
|
|e 2000 výtl.
|
| 490 |
1 |
|
|a Edícia strojníckej literatúry
|
| 500 |
|
|
|a Obsahuje Zoznam príkladov a použitých značiek
|
| 504 |
|
|
|a Obsahuje bibliografiu
|
| 650 |
0 |
7 |
|a spojky (strojárstvo)
|2 SNKPH
|9 162278
|
| 650 |
0 |
7 |
|a strojárstvo
|2 SNKPH
|9 674
|
| 650 |
0 |
7 |
|a strojné inžinierstvo
|2 SNKPH
|9 1039
|
| 655 |
|
7 |
|a príručky
|2 SNKPH
|9 74364
|
| 655 |
|
7 |
|a učebné texty
|2 SNKPH
|9 70568
|
| 700 |
1 |
|
|a Němec, Adolf
|4 aut
|9 6489
|
| 830 |
|
0 |
|a Edícia strojníckej literatúry
|9 349152
|
| 852 |
|
|
|a Slovenská národná knižnica
|
| 954 |
|
|
|a odborná, vedecká literatúra pôvodná (slovenská)
|2 lita
|
| 958 |
|
|
|a TL
|
| 958 |
|
|
|a NB
|
| 958 |
|
|
|a RK
|
| 958 |
|
|
|a OND
|
| 958 |
|
|
|a EUIPO
|
| 999 |
|
|
|c 1195913
|d 1197843
|
| 952 |
|
|
|a SNK
|b SNK
|y VYP
|7 0
|p 17A0056358
|o snkSC 18085 D1
|0 0
|1 0
|4 0
|d 1997-03-12
|l 0
|r 2005-01-02 00:00:00
|w 2026-02-24
|
| 952 |
|
|
|a SNK
|b SNK
|y PREZ
|7 0
|p 17A0170101
|o snkSC 18085
|i snkKSP 4034/63
|8 0
|z + príl. 5 voľných listov
|0 0
|1 0
|4 0
|d 1998-11-30
|f 1
|l 0
|r 2025-07-25 00:00:00
|w 2026-02-24
|
| 952 |
|
|
|a SNK
|b SNK
|y PREZ
|7 0
|p 17A1469605
|o snkSC 18085/príl.
|i snkKSP 4039/63
|z pril. 5 voľných listov
|0 0
|1 0
|4 0
|d 2021-11-23
|f 1
|l 0
|r 2025-07-25 00:00:00
|w 2026-02-24
|